000 01247nam a2200181 a 4500
001 000004116
005 20200929150719.0
008 090717s2008 dr r 000 0 spa d
040 _aDO-SdBNP
_bspa
_cBNPHU
082 _axxxxx
_bB483p
100 1 _aBeras Goico, Freddy,
_d1940-2010
_912228
245 1 0 _aParte de mi vida /
_cFreddy Beras Goico.
250 _a2a ed.
260 _aSanto Domingo :
_bAsociación Dominicana de Industrias Gráficas y Afines,
_c2008.
300 _av. ;
_c22 cm.
505 0 _aPrólogo -- Parte de mi vida -- Mudanzas -- Por Trujillo -- Educación -- Actividades subversivas -- Rana bola -- Exilio -- Retorno -- La revolución de 1965 -- Salida de la cárcel y viaje a España -- Mi proceso de cáncer, vivencias -- Carnaval -- Cosas de Babín -- De Giancarlos y Laura Marie -- De la revolución --El caballo de Troya -- El edificio baquero -- Dos tía famosas -- Station de Luis Newman -- Retretas -- Mi mamá -- Má de mi mamá -- Mi casa -- Mi primer control remoto -- Otro de mi papá -- Piloña -- Mi tío Picho -- Monseñor Beras -- í Por desobediente í -- Sigo con España -- Teatro Max -- Yaqui y Cuquín -- í Un día de reye sí -- Un señor Lambón -- La suelte de mi mujer
590 _aInventariado, 2019/BT
999 _c3934
_d3934